| 000 | 00894nam a2200289Ia 4500 | ||
|---|---|---|---|
| 001 | dia_1912 | ||
| 003 | CHAP | ||
| 005 | 20241015134226.0 | ||
| 008 | 220117s1999 xx 000 0 und d | ||
| 010 | _a172448 | ||
| 040 | _cCHAP | ||
| 082 | _a637.1 M38 | ||
| 100 |
_aMartinez B., Estela _971830 |
||
| 245 |
_aDinámica del Sistema Lechero Mexicano en el Marco Regional y Global / _c por Estela Martinez B. y otros |
||
| 260 |
_aMéxico : _b Plaza y Valdez, _c1999 |
||
| 300 | _a412 p. | ||
| 500 | _a2 c. fotocopiada y encuadernadas | ||
| 650 | 7 |
_aIndustria lechera _zMéxico _2 _957847 |
|
| 650 |
_aLeche _xCalidad _965362 |
||
| 650 |
_aLeche _xMercado _9151811 |
||
| 650 |
_aLeche _xPrecios _965398 |
||
| 650 |
_aLeche _xProducción _965400 |
||
| 901 | _a637.1 M38 | ||
| 902 | _aM | ||
| 905 | _a0000001999 mx A 0000000000spa00 | ||
| 942 |
_cLIBRO _2ddc |
||
| 999 |
_c172448 _d172448 |
||